Development of a generalized forest growth and yield modelling system for mixed tropical forests of Peninsular Malaysia

Bibliographic Details
Main Author: Wan Razali Wan Mohd
Format: Book
Published: Washington : University of Washington , 1986
Subjects:

MARC

LEADER 00000cam a2200000 7i4500
001 0000001730
005 20011107.0
090 0 0 |a R THE634.90913   |b WAN 1986 
100 0 0 |a Wan Razali Wan Mohd. 
245 1 0 |a Development of a generalized forest growth and yield modelling system for mixed tropical forests of Peninsular Malaysia   |c Wan Razali b. Wan Mohd 
260 0 0 |a Washington :   |b University of Washington ,   |c 1986 
300 |a xi, 177 p. :   |b map ;   |c 30 cm. 
500 0 0 |a Bibliography : p. 158-168 
500 0 0 |a Thesis : Doctor of Philosophy - University of Washington (1986) 
650 0 0 |a Forest productivity   |z Peninsular Malaysia 
650 0 0 |a Forests and forestry   |z Peninsular Malaysia 
998 |a JPSM 
999 |a 0000002697   |b Thesis   |c Reference   |e Default branch